Municipal amalgamation and the growth of local public sector in sweden.

Empirické skúmanie efektívneho obmedzovania rastu verejného sektoru decentralizovanou štruktúrou miestnej správy. Analýza obecného sektoru za r. 1942-87. Decentralizácia, meraná počtom jednotiek miestnej správy slúžiacej danému obyvateľstvu obmedzuje vplyv inštitucionálnych faktorov na miestny rozpo...

Descrizione completa

Salvato in:
Dettagli Bibliografici
Autore principale: Nelson, M.A
Natura: Capitolo di libro
Lingua:inglese
Soggetti:
Tags: Aggiungi Tag
Nessun Tag, puoi essere il primo ad aggiungerne!!

MARC

LEADER 00000naa a2200000 4500
001 r009188
005 20220831090358.5
041 0 |a eng 
044 |a [CS] 
245 1 0 |a Municipal amalgamation and the growth of local public sector in sweden.  |c M.A. Nelson 
520 |a Empirické skúmanie efektívneho obmedzovania rastu verejného sektoru decentralizovanou štruktúrou miestnej správy. Analýza obecného sektoru za r. 1942-87. Decentralizácia, meraná počtom jednotiek miestnej správy slúžiacej danému obyvateľstvu obmedzuje vplyv inštitucionálnych faktorov na miestny rozpočet, pokiaľ tieto jednotky nepresiahnu prahovú veľkosť. 
610 2 0 |a obce 
610 2 0 |a integrácia 
610 2 0 |a rozvoj regionálny 
610 2 0 |a sektor verejný 
610 2 0 |a Švédsko 
610 2 0 |a správa miestna 
610 2 0 |a decentralizácia 
610 2 0 |a rozpočet miestny 
610 2 0 |a 1942-1987 
100 1 |a Nelson, M.A.